Género y autoempleo en México durante la recesión de 2008-2009: un estudio de flujos laborales /
Uloženo v:
| Hlavní autor: | |
|---|---|
| Další autoři: | , |
| Médium: | Text |
| Tagy: |
Přidat tag
Žádné tagy, Buďte první, kdo vytvoří štítek k tomuto záznamu!
|
MARC
| LEADER | 00000 a a2200000 04500 | ||
|---|---|---|---|
| 001 | 47460 | ||
| 003 | |||
| 040 | |||
| 090 | |a REV1520 20(80) 2014 | ||
| 100 | |a Aguilar-Barceló, José G. | ||
| 245 | |a Género y autoempleo en México durante la recesión de 2008-2009: |b un estudio de flujos laborales / |c José G. Aguilar-Barceló, Ana B. Mungaray-Moctezuma, Martín Ramírez-Urquidy | ||
| 700 | |a Mungaray-Moctezuma, Ana B. | ||
| 700 | |a Ramírez-Urquidy, Martín | ||
| 773 | |g volumen20, número80, (2014), páginas 145-191 : tablas, gráficos | ||
| 999 | |c 20676 |d 20676 | ||
